书目信息 |
| 题名: |
沟通交流与口才
|
|
| 作者: | 胡伟 , 胡军 , 张琳杰 编著 | |
| 分册: | ||
| 出版信息: | 北京 清华大学出版社 2013 |
|
| 页数: | 354页 | |
| 开本: | 23cm | |
| 丛书名: | ||
| 单 册: | ||
| 中图分类: | C912.13 | |
| 科图分类: | ||
| 主题词: | 心理交往--口才学--高等学校--教材 , 心理交往 , 口才学 | |
| 电子资源: | ||
| ISBN: | 978-7-302-29103-9 | |
| 000 | 00968nam0 2200277 450 | |
| 001 | 140768 | |
| 005 | 20140929134516.34 | |
| 010 | @a978-7-302-29103-9@dCNY 39.00 | |
| 100 | @a20130423d2013 em y0chiy50 ea | |
| 101 | 0 | @achi |
| 102 | @aCN@b110000 | |
| 105 | @aa z 000yy | |
| 200 | 1 | @a沟通交流与口才@Agou tong jiao liu yu kou cai@b专著@f胡伟,胡军,张琳杰编著 |
| 210 | @a北京@c清华大学出版社@d2013 | |
| 215 | @a354页@c图@d23cm | |
| 300 | @a应用型人才培养规划教材·公共基础课系列 | |
| 330 | @a本书共分4篇12章,以沟通交流与口才的基本知识为基础,内容包括:沟通与人际关系、人际沟通与交流技巧、培养人际沟通能力、管理中的沟通、团队合作与沟通、电话沟通、谈判沟通等。 | |
| 606 | 0 | @a心理交往@x口才学@x高等学校@j教材 |
| 606 | 0 | @a心理交往 |
| 606 | 0 | @a口才学 |
| 690 | @aC912.13@v5 | |
| 701 | 0 | @a胡伟@Ahu wei@4编著 |
| 701 | 0 | @a胡军@Ahu jun@4编著 |
| 701 | 0 | @a张琳杰@Azhang lin jie@4编著 |
| 801 | 0 | @aCN@b110017@c20140929 |
| 905 | @a241430@dC912.13@eH513 | |
| 沟通交流与口才/胡伟,胡军,张琳杰编著.-北京:清华大学出版社,2013 |
| 354页:图;23cm |
| 应用型人才培养规划教材·公共基础课系列 |
| ISBN 978-7-302-29103-9:CNY 39.00 |
| 本书共分4篇12章,以沟通交流与口才的基本知识为基础,内容包括:沟通与人际关系、人际沟通与交流技巧、培养人际沟通能力、管理中的沟通、团队合作与沟通、电话沟通、谈判沟通等。 |
| ● |
| 相关链接 |
|
|
|
正题名:沟通交流与口才
索取号:C912.13/H513
 
预约/预借
| 序号 | 登录号 | 条形码 | 馆藏地/架位号 | 状态 | 备注 |
| 1 | 0836106 | 208361066 | 社科库509/509社科库 58排7列6层/ [索取号:C912.13/H513] | 在馆 | |
| 2 | 0836107 | 208361075 | 社科库509/509社科库 58排7列6层/ [索取号:C912.13/H513] | 在馆 | |
| 3 | 0836108 | 208361084 | 社科库509/509社科库 58排7列6层/ [索取号:C912.13/H513] | 在馆 |